Catalog

Record Details

Catalog Search



Available copies

  • 1 of 1 copy available at LARL/NWRL Consortium.

Current holds

0 current holds with 1 total copy.

Show Only Available Copies
Location Call Number / Copy Notes Barcode Shelving Location Status Due Date
Greenbush Public Library ASH (Text) 35500004252357 Main Available -

Record details

  • ISBN: 9780061128585
  • ISBN: 0061128589
  • Physical Description: 375 p. ; 18 cm.
  • Publisher: New York : Avon, 2008.
Subject: Jewel thieves > Fiction.
Genre: Regency fiction.
LDR 00728nam a2200229Ia 4500
00192906
003LARL_NWRL_CONSORTIUM
00520080606124835.0
008080520s2008 nyu 000 1 eng d
020 . ‡a9780061128585
020 . ‡a0061128589
035 . ‡a(OCoLC)228415780
040 . ‡aCRM ‡cCRM ‡dNRG
1001 . ‡aAshworth, Adele. ‡0(LARL_NWRL_CONSORTIUM)196836
24512. ‡aA notorious proposition / ‡cAdele Ashworth.
260 . ‡aNew York : ‡bAvon, ‡c2008.
300 . ‡a375 p. ; ‡c18 cm.
650 0. ‡aJewel thieves ‡vFiction. ‡0(LARL_NWRL_CONSORTIUM)165758
655 7. ‡aRegency fiction. ‡2gsafd
901 . ‡a92906 ‡bOCLC ‡c92906 ‡tbiblio

Additional Resources